000 00378nam a2200133Ia 4500
005 20251222141815.0
008 251222s9999||||xx |||||||||||||| ||spa||
020 _a978-612-311-036-9
082 _a343.052/B16
100 _aBahamonde Quinteros, Mery
245 0 _aAnálisis y Aplicación Práctica de la Ley del Impuesto a la Renta:
264 _bGaceta Jurídica
942 _cLIB
999 _c6598
_d6598